Recherche et experimentation en Agriculture

সংরক্ষণ করুন:
গ্রন্থ-পঞ্জীর বিবরন
প্রধান লেখক: Boeuf, F
অন্যান্য লেখক: Vessereau, André
বিন্যাস: গ্রন্থ
ভাষা:ফরাসি
প্রকাশিত: París, Francia Bailliére et fils 1960
মালা:Nouvelle Encyclopédie Agricole
বিষয়গুলি:
ট্যাগগুলো: ট্যাগ যুক্ত করুন
কোনো ট্যাগ নেই, প্রথমজন হিসাবে ট্যাগ করুন!

MARC

LEADER 00000nam a2200000 a 4500
001 UCQ1550
003 CL-VaPUC
005 20230621074138.0
008 980710e19600000FR |||||||||||||||||fre|d
999 |c 272476  |d 272474 
040 |c Pontificia Universidad Católica de Valparaíso 
082 0 4 |a 634.8 BOE 1960  |2 21 
100 0 |a Boeuf, F  |9 415282 
245 1 0 |a Recherche et experimentation en Agriculture 
260 0 3 |a París, Francia  |b Bailliére et fils  |c 1960 
300 |a v 
490 0 |a Nouvelle Encyclopédie Agricole 
583 |a last modification  |c 19980710 00:00:00  |k Rodrigo Vera 
650 0 |a Agronomía  |9 358010 
650 0 |a Biología  |9 262022 
650 0 |a Investigación  |9 257811 
650 0 |a Métodos estadísticos   |9 259407 
700 0 |a Vessereau, André  |9 415283 
942 |c BK  |2 ddc 
945 |d 19980710 00:00:00  |a mvenant